[Event "Titled Tuesday intern op 30th Apr Late"]
[Site "Chess.com INT"]
[Date "2024.04.30"]
[Round "2"]
[White "Kumarappan, Ganesh"]
[Black "Abrahams, Daniel"]
[Result "0-1"]
[WhiteElo "2039"]
[BlackElo "2166"]
[PlyCount "78"]
[EventDate "2024.04.30"]
[EventType "swiss (blitz)"]
[EventRounds "11"]
[EventCountry "USA"]
[SourceTitle "EXT 2025"]
[Source "ChessBase"]
[SourceDate "2024.10.14"]
[SourceVersion "1"]
[SourceVersionDate "2024.10.14"]
[SourceQuality "1"]

1. e4 c5 2. Nf3 e6 3. d4 cxd4 4. Nxd4 a6 5. Nc3 b5 6. Bd3 Bb7 7. 0-0 Nc6 8. Be3 Nxd4 9. Bxd4 Ne7 10. f4 Nc6 11. Be3 Bb4 12. Qg4 Kf8 13. Qg3 h5 14. Rad1 Qe7 15. f5 e5 16. Nd5 Qd6 17. f6 g6 18. Nb6 h4 19. Qf2 Rd8 20. a3 Nd4 21. Na4 bxa4 22. axb4 Qc6 23. Bxd4 exd4 24. Qxd4 h3 25. Qe5 Re8 26. Qc5+ Kg8 27. g3 Qe6 28. Rf4 Rh5 29. Qc7 Bc6 30. Qb6 Qa2 31. Qxa6 Qxb2 32. Qc4 Rhe5 33. Rg4 R5e6 34. Rf1 Rxf6 35. Rxf6 Qxf6 36. e5 Qxe5 37. Rxg6+ Kf8 38. Rg4 Qe3+ 39. Kf1 Qe1# 0-1

[Event "USA U16 K8 op"]
[Site "Grapevine"]
[Date "2019.04.27"]
[Round "5"]
[White "Pan, Kevin"]
[Black "Kumarappan, Ganesh"]
[Result "1-0"]
[WhiteElo "2036"]
[BlackElo "1630"]
[PlyCount "69"]
[EventDate "2019.04.26"]
[EventType "swiss"]
[EventRounds "7"]
[EventCountry "USA"]
[SourceTitle "CBM 190 Extra"]
[Source "ChessBase"]
[SourceDate "2019.07.15"]
[SourceVersion "1"]
[SourceVersionDate "2019.07.15"]
[SourceQuality "1"]

1. e4 c5 2. Nc3 Nc6 3. g3 g6 4. Bg2 Bg7 5. d3 e6 6. Be3 Nd4 7. Qd2 Ne7 8. Nd1 d6 9. c3 Ndc6 10. Ne2 Qa5 11. Bh6 0-0 12. Bxg7 Kxg7 13. Ne3 Rb8 14. h4 Bd7 15. h5 f5 16. hxg6 hxg6 17. exf5 exf5 18. Nc4 Qc7 19. Qh6+ Kf6 20. Nf4 Rh8 21. Nh5+ Ke6 22. Bd5+ Nxd5 23. Qxg6+ Ke7 24. Qg7+ Ke6 25. Qg6+ Ke7 26. Ne3 Rbe8 27. Nxd5+ Kd8+ 28. Kd2 Qa5 29. Qxd6 Nd4 30. Nhf4 Rxh1 31. Rxh1 Nb5 32. Ne6+ Kc8 33. Ne7+ Rxe7 34. Qxe7 b6 35. Rh8+ 1-0